[Event "SportAccord Basque Women 2013"]
[Site "Beijing CHN"]
[Date "2013.12.17"]
[Round "2.2"]
[White "Ju Wenjun"]
[Black "Koneru,H"]
[Result "1-0"]
[WhiteElo "2514"]
[BlackElo "2607"]

1.d4 Nf6 2.c4 e6 3.g3 Bb4+ 4.Bd2 Be7 5.Bg2 O-O 6.Nf3 c5 7.O-O cxd4 8.Nxd4 Nc6
9.Bc3 d5 10.Nd2 Bd7 11.e4 Nxd4 12.Bxd4 dxc4 13.Nxc4 Bb5 14.Rc1 Rc8 15.b3 Bc5
16.Bb2 Qxd1 17.Rcxd1 Rfd8 18.Bf3 Bxc4 19.bxc4 Nd7 20.e5 Be7 21.Bd4 b6 22.Be2 Nb8
23.Bb2 Nc6 24.Rxd8+ Rxd8 25.Rd1 Rxd1+ 26.Bxd1 Bc5 27.Ba4 Nb4 28.Kg2 Nxa2
29.f4 Nb4 30.Kf3 Kf8 31.Ke4 Ke7 32.g4 h6 33.f5 f6 34.exf6+ gxf6 35.Bc1 exf5+
36.Kxf5 Bd6 37.h4 Nd3 38.Bxh6 a5 39.Bg7 Be5 40.h5 Kf7 41.h6 Bf4 42.Bc6 Kg8
43.Kxf6 Be5+ 44.Kg6 Nf4+ 45.Kf5 Bxg7 46.hxg7 Nd3 47.Kf6 Nf4 48.Be8 Kh7 49.Bf7 Nd5+
50.cxd5  1-0

[Event "SportAccord Basque Women 2013"]
[Site "Beijing CHN"]
[Date "2013.12.18"]
[Round "5.1"]
[White "Ju Wenjun"]
[Black "Zhao Xue"]
[Result "1-0"]
[WhiteElo "2514"]
[BlackElo "2568"]

1.d4 Nf6 2.c4 e6 3.g3 Bb4+ 4.Bd2 a5 5.Bg2 O-O 6.Nf3 d6 7.O-O Bxd2 8.Qxd2 Qe7
9.Nc3 e5 10.Rad1 Re8 11.e4 Bg4 12.h3 Bxf3 13.Bxf3 Nc6 14.d5 Nd4 15.Bg2 c5
16.a4 Rf8 17.Kh2 Nd7 18.f4 f5 19.exf5 Rxf5 20.Rde1 Raf8 21.Nb5 Nxb5 22.axb5 Qd8
23.Be4 R5f7 24.f5 Nf6 25.Bc2 Nd7 26.Kg2 b6 27.b3 h6 28.Qd3 Qg5 29.Re4 Nf6
30.h4 Nxe4 31.hxg5 Nxg5 32.Qe3 Rb8 33.Bd1 Rf6 34.Bh5 Kf8 35.Bg6 Ke7 36.Rh1 Kd7
37.Rh5 Kc7 38.Rxg5 hxg5 39.Qxg5 Rh8 40.g4 Kd7 41.Bh5 Rh7 42.Qh4 Rfh6 43.Kf3 Rh8
44.Ke4 R8h7 45.Qh3 Ke7 46.Qh4+ Kd7 47.Qg5 Rf6 48.Bg6 Rh6 49.Be8+ Kxe8 50.Qxg7 Kd8
51.Qg8+ Ke7 52.g5 Rh4+ 53.Ke3 Rh3+ 54.Kd2 Rh2+ 55.Kc1 Rf7 56.f6+ Rxf6 57.gxf6+ Kxf6
58.Qe6+ Kg5 59.Qxd6 Kf5 60.Qe6+ Kf4 61.d6 Rh1+ 62.Kb2 Rh2+ 63.Ka3 Rh1 64.d7  1-0

[Event "Caissa IM December 2013"]
[Site "Kecskemet HUN"]
[Date "2013.12.18"]
[Round "3.3"]
[White "Li Bo"]
[Black "Sarosi,Z"]
[Result "1/2-1/2"]
[WhiteElo "2373"]
[BlackElo "2250"]

1.d4 Nf6 2.c4 e6 3.g3 Bb4+ 4.Bd2 Qe7 5.Bg2 O-O 6.Nf3 Bxd2+ 7.Qxd2 d6 8.Nc3 e5
9.O-O Re8 10.Rac1 e4 11.Ng5 Bf5 12.Qf4 Bg6 13.Nh3 c6 14.Qg5 h6 15.Qa5 Nbd7
16.Nf4 Bh7 17.e3 g5 18.Nfe2 Nb6 19.b3 Bg6 20.h3 d5 21.cxd5 Nbxd5 22.Nxd5 Nxd5
23.Qc5 f5 24.Qxe7 Rxe7 25.Nc3 Nb4 26.Rcd1 Rd8 27.a3 Nd3 28.g4 fxg4 29.hxg4 Rf8
30.Rd2 c5 31.d5 Rd8 32.Kh2 Ne5 33.Kg3 Nf7 34.Nb5 a6 35.Nc3 Nd6 36.Rc1 b5
37.Bf1 Rc7 38.a4 c4 39.axb5 axb5 40.bxc4 bxc4 41.Rb2 h5 42.gxh5 Bxh5 43.Bh3 Kg7
44.Rb6 Rf7 45.Be6 Rf3+ 46.Kg2 Rf6 47.Kf1 Bf3 48.Ke1 Rh6 49.Nb5 Nxb5 50.Rxb5 c3
51.Rb7+ Kh8 52.Rxc3 Rxe6 53.Rc5 Red6 54.Rcc7 Rg6 55.Rc5 Rg7 56.Rb6 Rgd7 57.Rbb5 Kg7
58.Kd2 Kf6 59.Kc3 Ke5 60.d6+ Kxd6 61.Rxg5 Rc8+ 62.Kb4 Rc1 63.Ka5 Kc7 64.Rb2 Ra1+
65.Kb5 Rad1 66.Rc2+ Kb7 67.Kb4 R1d2 68.Rb5+  1/2-1/2

[Event "22nd Donau Open 2013"]
[Site "Aschach AUT"]
[Date "2013.12.26"]
[Round "1.4"]
[White "Koller,Hans-Juergen"]
[Black "Krejci,Jan2"]
[Result "0-1"]
[WhiteElo "2080"]
[BlackElo "2523"]

1.d4 Nf6 2.c4 e6 3.g3 Bb4+ 4.Bd2 Qe7 5.Bg2 Nc6 6.Nf3 Bxd2+ 7.Nbxd2 d6 8.O-O O-O
9.a3 e5 10.d5 Nb8 11.b4 e4 12.Nd4 e3 13.N2b3 exf2+ 14.Rxf2 Nbd7 15.Rc1 Ne5
16.h3 Bd7 17.Qd2 Ng6 18.Nf5 Bxf5 19.Rxf5 Rfe8 20.Nd4 a5 21.bxa5 Ne4 22.Bxe4 Qxe4
23.Rf3 h5 24.Rcc3 Ne5 25.Rf4 Qg6 26.Nb5 Re7 27.Rb3 Rae8 28.c5 dxc5 29.d6 cxd6
30.Qxd6 Qc2  0-1

[Event "PanAm Intercollegiate 2013"]
[Site "Lubbock USA"]
[Date "2013.12.28"]
[Round "3.3"]
[White "Recuero Guerra,D"]
[Black "Kritz,L"]
[Result "1/2-1/2"]
[WhiteElo "2440"]
[BlackElo "2604"]

1.d4 Nf6 2.c4 e6 3.g3 Bb4+ 4.Bd2 Bxd2+ 5.Qxd2 d5 6.Bg2 c6 7.Nf3 Nbd7 8.O-O b6
9.Rc1 Bb7 10.cxd5 cxd5 11.Qb4 Qe7 12.a3 Qxb4 13.axb4 Ke7 14.e3 Ne8 15.b5 a6
16.bxa6 Rxa6 17.Nc3 Nd6 18.Nd2 Rha8 19.Rxa6 Rxa6 20.Bf1 Ra8 21.Nb3 f6 22.Ra1 Rxa1
23.Nxa1 Nb8 24.Nc2 Ba6 25.Bxa6 Nxa6 26.b3 Kd7 27.Kf1 Nb7 28.Ke2 Na5 29.b4 Nc4
30.f3 Nc7 31.e4 Kc6 32.Ne3 Nd6 33.Kd3 Ndb5 34.Ne2 Na6 35.Nc2 Kd6 36.g4 g5
37.Ng3 Nb8 38.exd5 exd5 39.Nf5+ Ke6 40.h4 Nc6  1/2-1/2

[Event "51st Groningen Open A 2013"]
[Site "Groningen NED"]
[Date "2013.12.29"]
[Round "8.12"]
[White "Arslanov,S"]
[Black "Burg,T"]
[Result "1-0"]
[WhiteElo "2403"]
[BlackElo "2490"]

1.d4 Nf6 2.c4 e6 3.g3 Bb4+ 4.Bd2 Be7 5.Bg2 d5 6.Nf3 c6 7.Qc2 O-O 8.O-O Nbd7
9.Rd1 b6 10.Bf4 Ba6 11.Ne5 Rc8 12.Nc3 Bxc4 13.Nxc4 dxc4 14.e4 b5 15.a4 a6
16.axb5 axb5 17.d5 cxd5 18.exd5 e5 19.Bg5 Bc5 20.Ra6 b4 21.Ne4 Nxe4 22.Bxd8 Nxf2
23.Be7 Nxd1+ 24.Bxc5 Nxc5 25.Rc6 Ne3 26.Qf2 c3 27.bxc3 b3 28.Qxe3 b2 29.Be4 Nxe4
30.Qxe4 Rb8 31.Qb1 f5 32.Rc4  1-0

[Event "Cracovia Open A 2013-14"]
[Site "Krakow POL"]
[Date "2013.12.29"]
[Round "4.21"]
[White "Ruecker,Be"]
[Black "Reza,W"]
[Result "1-0"]
[WhiteElo "2258"]
[BlackElo "2182"]

1.d4 Nf6 2.c4 e6 3.g3 Bb4+ 4.Bd2 Qe7 5.Nf3 b6 6.Bg2 Bb7 7.O-O Bxd2 8.Qxd2 d6
9.Qc2 Nbd7 10.Nc3 O-O 11.e4 e5 12.Rfe1 Rfe8 13.a3 c6 14.Rad1 a6 15.b4 Rad8
16.Qb2 exd4 17.Nxd4 Ne5 18.Qe2 b5 19.cxb5 axb5 20.f4 Ng6 21.h3 Qc7 22.Qf2 Ra8
23.Qb2 Qb6 24.Kh2 Qa7 25.Nb1 Ne7 26.Rd3 Rad8 27.Nc3 Qb8 28.Nb3 Ned5 29.Na5 Nb6
30.Qa2 d5 31.Red1 Ba8 32.exd5 Nbxd5 33.Qd2 Qa7 34.Nxd5 cxd5 35.Rd4 Rc8 36.Qd3 Qb6
37.Nb3 Ne4 38.Re1 Red8 39.Re2 Rc3 40.Rdxe4  1-0